banner-ar

الفريدة فى شرح القصيدة التى انشأها سعيد بن المبارك المعروف بابن الدهان النحوى / (Record no. 36876)

MARC details
000 -الفاتح
حقل البيانات ثابتة الطول 00952nam a2200217Ia 4500
008 - عناصر البيانات ثابتة الطول - معلومات عامة
حقل البيانات ثابتة الطول 140319s9999 xx 000 0 ara d
040 ## - مصدر الفهرسة
وكالة الفهرسة الأصلية GCL /
وكالة النسخ GCL
082 04 - رقم تصنيف ديوى العشرى
رقم التصنيف 415.1
رقم المادة د ف
100 1# - المدخل الرئيسى - إسم شخصى
الإسم الشخصى ابن الدهان البغدادى : ابو محمد سعيد بن المبارك بن على الانصارى
245 10 - بيان العنوان
العنوان الفريدة فى شرح القصيدة التى انشأها سعيد بن المبارك المعروف بابن الدهان النحوى /
بيان المسئوليه,etc ابن الدهان البغدادى : ابو محمد سعيد بن المبارك بن على الانصارى
700 1# - المدخل الاضافى - اسم شخصى
الإسم الشخصى عبدالرحمن بن سليمان العثيمين
260 ## - PUBLICATION, DISTRIBUTION, ETC. (IMPRINT)
تاريخ النشر أو التوزيع 1990
300 ## - الوصف المادى
التعداد 205 ص
490 ## - بيان السلسلة
عنوان السلسلة
650 04 - المدخل الاضافى بالموضوع-مصطلح موضوعى
مصطلح موضوعي الشعر العربى
650 04 - المدخل الاضافى بالموضوع-مصطلح موضوعى
مصطلح موضوعي النحو
650 04 - المدخل الاضافى بالموضوع-مصطلح موضوعى
مصطلح موضوعي اللغة العربية
650 04 - المدخل الاضافى بالموضوع-مصطلح موضوعى
مصطلح موضوعي الدولة العباسية الثانية
942 ## - عناصر المدخل الإضافي( كوها)
مصدر التصنيف او مخطط الترفيف Dewey Decimal Classification
Koha [default] item type كتاب
260 ## - PUBLICATION, DISTRIBUTION, ETC. (IMPRINT)
-- [S.N] :
-- مكتبة الخانجى ،
Holdings
حالة التراجع حالة الفقد حالة تلف ليس للاعارة المكان المؤقت الموقع الحالى تاريخ الاكتساب اجمالي اﻻعارات رقم الطلب الباركود تاريخ اخر مشاهدة تاريخ تفعيل السعر نوع وعاء كوها
        مكتبة القاهرة الكبرى مكتبة القاهرة الكبرى 03/26/2014   415.1\د ف 89684 03/26/2014 03/26/2014 كتاب
        مكتبة القاهرة الكبرى مكتبة القاهرة الكبرى 03/26/2014   415.1\د ف 89685 03/26/2014 03/26/2014 كتاب

Powered By

EGPV